Textes Inédits. D'après les manuscrits de la Bibliothèque provinciale de Hanovre.

Saved in:
Bibliographic Details
Main Author: Leibniz, Gottfried Wilhelm 1646-1716
Other Authors: Grua, Gaston (publies et annotes)
Format: Book
Language:French
Published: París, France: Presses Universitaires de France, 1948.
Series:Bibliothèque de Philosophie Contemporaine.
Subjects:
Tags: Add Tag
No Tags, Be the first to tag this record!

MARC

LEADER 00000nam a2200000 a 4500
001 UCU8132
003 CL-VaPUC
005 20220822114328.0
008 960712e19480000FR |||||||||||||||||fre|d
999 |c 250652  |d 250650 
040 |c Pontificia Universidad Católica de Valparaíso 
082 0 4 |a 121.8 LEI 1948   |2 21 
100 |a Leibniz, Gottfried Wilhelm   |9 860284  |d 1646-1716 
245 1 0 |a Textes Inédits.  |b D'après les manuscrits de la Bibliothèque provinciale de Hanovre.  
260 |a París, France:  |b Presses Universitaires de France,   |c 1948.  
300 |a 2 Volúmenes.  
490 0 |a Bibliothèque de Philosophie Contemporaine.  
500 |a c.1 Volumen I: Donación Familia Prof. Alejandro Guzmán Brito. 
583 |a last modification  |c 19960712 00:00:00  |k Rodrigo Vera 
650 0 |a Filosofía   |9 223554 
650 0 |a Felicidad  |9 257029 
650 7 |a SABIDURIA  |2 CL-VaPUC  |9 333169 
650 0 |a Libertad  |9 255686 
650 0 |a Justicia   |9 255408 
650 0 |a Ética  |9 255099 
700 |a Grua, Gaston  |9 395684  |e publies et annotes  
942 |c BK  |2 ddc  |n 0 
945 |d 19960712 00:00:00  |a rbrito 
952 |0 0  |1 0  |4 0  |6 121_800000000000000_LEI_1948  |7 0  |8 P  |9 269052  |a BIBEDU  |b BIBEDU  |c BIBEDU_PB  |d 2019-11-19  |h v.2  |i 3122646  |o 121.8 LEI 1948  |p 3122646  |r 2024-01-25  |w 2019-11-19  |y BK  |k FIL